Efektívne riadenie /

Guardado en:
Detalles Bibliográficos
Autor principal: Popov, Gavril Charitonovič (Autor)
Otros Autores: Kohlmann, J (Traductor)
Formato: Libro
Lenguaje:eslovaco
Publicado: Bratislava : Práca, 1988
Edición:1.vyd.
Materias:
Etiquetas: Agregar Etiqueta
Sin Etiquetas, Sea el primero en etiquetar este registro!

MARC

LEADER 00000nam a22000003a 4500
001 stu40682
005 20150617225723.1
008 930524s1988----cs------------------slo-d
040 |a STU  |b slo 
041 0 |a slo 
044 |a cs 
080 |a 338.24 
080 |a 65.012.43  |7 stu_us_auth*stu3366 
100 1 |a Popov, Gavril Charitonovič  |4 aut 
245 1 |a Efektívne riadenie /  |c [aut.]Gavril Ch. Popov; Z rus. J. Kohlmann 
250 |a 1.vyd. 
260 |a Bratislava :  |b Práca,  |c 1988 
300 |a 417 s 
650 7 |a Riadenie efektívne  |2 stusub 
700 1 |a Kohlmann, J  |4 trl 
996 |b 284M015097  |c M*2959-1  |l MMKN  |s A  |a 24  |w stu40682_0001